000 00832nam a22002057a 4500
999 _c194209
_d194209
005 20230203142116.0
010 _aB-746035-046 E.N.A./7.11.22
020 _a9789391032111
_c475.00
035 _aB-746035-046
037 _bAsian Book Centre
082 _a480
100 _aBhardwaj, A.P.
245 _aCompulsory English:
_bfor IAS (Mains) Examination/
_cby A.P. Bhardwaj
250 _a3rd
260 _aGurugram
_bOakBridge Publishing Pvt. Ltd.
_c2022
270 _aM 35, 1st Floor, Old DLF, Gurugram
_bNew Delhi
_e122001
_k911244305970
_minfo@oakbridge.in
300 _a667p.
_c24cm(pbk)
942 _2ddc
_cEN
_mBHA
_h480